00690nam a2200205Ia 4500001002200000003000900022008004100031040002300072041001300095100002300108245006100131250001500192260003000207300001900237490003800256500001600294501012400310520002900434700002100463835-SAP cl le (19367)IT-MiSPE171229s9999||||xx |||||||||||||| ||und|| aIT-MiSPEcIT-MiSPE aITALIANO aClaudio Saporetti  0aLe leggi della MesopotamiabTradotte dai testi originali a1a ed. (v) aFirenzebLe Letterec1984 a169 p. c28 cm aStudi e manuali di archeologiav2 aMesopotamia aEdizioni San Paolo srl - Piazza Soncino, 5 - 20092 CINISELLO BALSAMO (MI) (non commercial uses only) ® Copyright 2018 aCecilia Paladini (coll.) aCecilia Paladini